Normal view
MARC view
Entry Topical Term
001 - CONTROL NUMBER
- control field: 35099
003 - CONTROL NUMBER IDENTIFIER
- control field: OSt
005 - DATE AND TIME OF LATEST TRANSACTION
- control field: 20230127144105.0
008 - FIXED-LENGTH DATA ELEMENTS
- fixed length control field: 230127|| aca||aabn | a|a d
040 ## - CATALOGING SOURCE
- Original cataloging agency: OSt
- Transcribing agency: OSt
150 ## - HEADING--TOPICAL TERM
- Topical term or geographic name entry element: Divorce, Children, Adverse impacts, Public policy, Family laws, India.
670 ## - SOURCE DATA FOUND
- Source citation: Work cat.: (OSt): Bhushan,Vani 35098, Effects of divorce on children: A review of socio-economic, legal and policy aspects
